La Era de Roosevelt (Registro nro. 16167)

Detalles MARC
000 -CABECERA
Longitud fija campo de control 00875nam a2200241 a 4500
003 - IDENTIFICADOR DELl NÚMERO DE CONTROL
Identificador del número de control OSt
005 - FECHA Y HORA DE LA ÚLTIMA TRANSACCIÓN
Fecha y hora de la última transacción 20150325213002.0
008 - CÓDIGOS DE INFORMACIÓN DE LONGITUD FIJA
Códigos de información de longitud fija 020226q1968 arg 000 0 spa d
040 ## - FUENTE DE LA CATALOGACIÓN
Centro transcriptor BMC
082 ## - NÚMERO DE LA CLASIFICACIÓN DECIMAL DEWEY
Númeroo de clasificación 973.9170922
082 ## - NÚMERO DE LA CLASIFICACIÓN DECIMAL DEWEY
Númeroo de clasificación 973.917
100 1# - PUNTO DE ACCESO PRINCIPAL-NOMBRE DE PERSONA
Nombre de persona Schlesinger, Arthur M.
245 13 - MENCIÓN DE TÍTULO
Título La Era de Roosevelt
Resto del título : la llegada del nuevo trato
Mención de responsabilidad, etc. Arthur M. Schlesinger ; traducción al español por José Meza Nieto
250 ## - MENCIÓN DE EDICIÓN
Mención de edición 1ª ed. en español
260 ## - PUBLICACIÓN, DISTRIBUCIÓN, ETC. (PIE DE IMPRENTA)
Lugar de publicación, distribución, etc. México D.F. [etc.]
Nombre del editor, distribuidor, etc. Unión Tipográfica Editorial Hispano Americana
Fecha de publicación, distribución, etc. cop. 1968
300 ## - DESCRIPCIÓN FÍSICA
Extensión XII, 639 p.
Dimensiones 23 cm
490 0# - MENCIÓN DE SERIE
Mención de serie Biblioteca Uteha de Historia
546 ## - NOTA DE LENGUA
Nota de lengua Traducción de: The coming of the new deal
600 24 - PUNTO DE ACCESO ADICIONAL DE MATERIA - NOMBRE DE PERSONA
9 (RLIN) 28549
Nombre de persona Roosevelt, Franklin D.
Fechas asociadas al nombre 1882-1945
Subdivisión de forma (R ) Correspondencia
651 24 - PUNTO DE ACCESO ADICIONAL DE MATERIA - NOMBRE GEOGRÁFICO
9 (RLIN) 3486
Nombre geográfico Estados Unidos
Subdivisión de materia general Historia
Subdivisión cronológica 1933-1945
700 1# - PUNTO DE ACCESO ADICIONAL - NOMBRE DE PERSONA
Nombre de persona Meza Nieto, José.
942 ## - ENTRADA DE ELEMENTOS AGREGADOS (KOHA)
Fuente de clasificaión o esquema Dewey Decimal Classification
Koha [por defecto] tipo de item 1- Monografias
Parte de clasificación ahoj
Existencias
Suprimido Perdido Fuente de clasificación o esquema Estropeado Restricciones de uso No para préstamo Código de colección Localización permanente Localización actual Localización en estanter&íacute;as Fecha adquisición Fuente de adquisición Número de inventario Préstamos totales Signatura completa Código de barras Fecha última consulta Fecha del precio de reemplazo Tipo de item de Koha
NULL NULL Dewey Decimal Classification NULL Prestable NULL NULL Biblioteca Miguel de Cervantes - UNICAES Biblioteca Miguel de Cervantes - UNICAES Sala Principal 26/11/2014 Donación - Osmin Trigueros 025206   973.917 SCH lle 1025616 26/11/2014 26/11/2014 1- Monografias